La Teoria dramàtica : un viatge a través del pensament teatral / Jaume Melendres un viatge a través del pensament teatral / Jaume Melendres
ISBN:
84-9803-133-8
Descripción Física:
687 p. ; 21 cm
Colección:
Escrits teòrics ; 11
MARC
| LEADER | 00000nam a2200000Ia 4500 | ||
|---|---|---|---|
| 001 | 18554 | ||
| 008 | 160829s2006 xx 000 0 cat d | ||
| 020 | |a 84-9803-133-8 | ||
| 080 | |a B-2-116 | ||
| 100 | |a Melendres, Jaume, |d 1941-2009 |9 25255 | ||
| 245 | |a La Teoria dramàtica : |b un viatge a través del pensament teatral / Jaume Melendres | ||
| 260 | |a Barcelona : |b Diputació de Barcelona : |b Institut del Teatre, |c 2006 | ||
| 300 | |a 687 p. ; |c 21 cm | ||
| 490 | |a Escrits teòrics ; 11 | ||
| 590 | |a Inclou una cronologia de les teories dramàtiques occidentals des de l'any 536 a.C. fins a 1990 | ||
| 650 | |a Teatre |x Filosofia |9 41472 | ||
| 650 | |a Teatre |x Cronologia |9 41473 | ||
| 710 | 1 | |a Institut del Teatre (Barcelona, Catalunya) |9 52662 | |
| 710 | 1 | |a Barcelona (Catalunya : Província). |b Diputació |9 52408 | |
| 901 | |a Arxiu | ||
| 942 | |n 1 | ||
| 952 | |0 0 |1 0 |4 0 |6 B2116 |7 1 |9 50221 |a Arxiu |b Arxiu |d 2016-12-01 |l 0 |o B-2-116 |p 18554 |r 2016-12-01 00:00:00 |w 2016-12-01 |y ARXIU | ||
| 999 | |c 54063 |d 54063 | ||